| 000 | 00704nam a22002057a 4500 | ||
|---|---|---|---|
| 005 | 20100818122917.0 | ||
| 010 | _aENG-100870 | ||
| 020 | _c35.00 | ||
| 035 | _aEN-84403 | ||
| 037 | _bDBAD/PUB | ||
| 082 | _a346.5404 | ||
| 100 |
_aMageswari, S. _914672 |
||
| 245 |
_aVoting and property rights of women / _cby S. Mageswari |
||
| 260 |
_aChennai _bNeela Nulagam _c2002 |
||
| 270 |
_a47, Nallathambi Ctreet Triplicane _bChennai _e600005 |
||
| 300 |
_a90p. _c18cm (pbk) |
||
| 650 |
_aWomen-Property Rights _914673 |
||
| 942 |
_2ddc _cEN _h346.5404 _mMAG |
||
| 999 |
_c42387 _d42387 |
||